000 00367nam a2200133Ia 4500
003 GCL
008 140319s9999 xx 000 0 ara d
040 _aGCL /
_cGCL
082 0 4 _aط
_b813.087
_bع ا
100 1 _aعبير شحاته
245 1 0 _aالفجوة السوداء /
_cعبير شحاته
300 _a116 ص
490 _aالمغامرات المثيرة
_v0
999 _c49316
_d49316